000 01214nam a2200325 a 4500
008
020 _a0932686761 (hbk. )
020 _a0932686621 (Nurses drug facts reference set)
049 _aMAIN
090 _aREF RM301.12 NUR
130 0 _aFacts and comparisons
245 0 0 _aNurses drug facts 1996 /
_cFacts and Comparisons ; ... in collaboration with ANA, American Nurses Association.
250 _a1996 ed.
260 _aSt. Louis, Mo. :
_bFacts and Comparisons,
_c1996.
300 _axx, 1161 p., 47 p. of plates :
_bcol. ill. ;
_c21 cm.
500 _aIncludes index.
500 _aWith the companion volume Patient drug information 1996, forms the Nurses drug facts reference set.
650 1 2 _aPharmaceutical Preparations
_xnurses' instruction
650 2 _aPharmaceutical Preparations
_xhandbooks
650 2 _aDrug Therapy
_xhandbooks
700 1 _aTatro, David S.
710 2 _aAmerican Nurses' Association.
710 2 _aFacts and Comparisons (Firm)
740 0 _aNurses drug facts reference set.
907 _a.b10163256
_b04-02-14
_c13-05-05
003
005 20230120203945.0
040 _cNUST
942 _cBOOKS
_kREF RM301.12 NUR
999 _c114551
_d114551